| 000 | 00526nam a22001337a 4500 | ||
|---|---|---|---|
| 003 | SGT | ||
| 020 | _a9788193563304 | ||
| 082 |
_a891.4309 _bA94S |
||
| 100 | _aशास्त्री, विष्णुकांत | ||
| 245 | _aअमर आग हैं : श्री अटल बिहारी वाजपयी की चुनी हुई कविताएँ | ||
| 260 |
_bश्री बड़ा बाजार कुमारसभा पुस्तकालय _c1994 |
||
| 300 | _a85 | ||
| 942 |
_2ddc _cBK |
||
| 999 |
_c30180 _d30180 |
||